Geographie : classe de fin d' etudes, certificat d' etudes primaires, centres d' apprentissage
Αποθηκεύτηκε σε:
| Κύριος συγγραφέας: | |
|---|---|
| Άλλοι συγγραφείς: | |
| Μορφή: | Βιβλίο |
| Γλώσσα: | French |
| Δημοσίευση: |
Paris :
A. Hatier,
1953
|
| Θέματα: | |
| Ετικέτες: |
Προσθήκη ετικέτας
Δεν υπάρχουν, Καταχωρήστε ετικέτα πρώτοι!
|
MARC
| LEADER | 00000cam a2200000 i 4500 | ||
|---|---|---|---|
| 001 | 1/88401 | ||
| 008 | 080610s1953 fre d | ||
| 035 | |l 10098106 | ||
| 040 | |a GR-MY-UA |b gre |e aacr | ||
| 041 | 0 | |a fre | |
| 082 | 0 | |a 910.91 |2 (22) | |
| 100 | 1 | |a Merlier, Andre. | |
| 245 | 1 | 0 | |a Geographie : |b classe de fin d' etudes, certificat d' etudes primaires, centres d' apprentissage / |c [par] A. Merlier [et] G. Leroux |
| 260 | |a Paris : |b A. Hatier, |c 1953 | ||
| 300 | |a 135 σ.; |b εικ.; |c 27 εκ. | ||
| 650 | 0 | 0 | |a Geography |x Textbooks |y 1945- |
| 651 | 0 | |a France |x Description and travel. | |
| 700 | 1 | |a Leroux, Georges. | |
| 852 | |a INST |b RHODES |c AKA |e 20080610 |h 910.91 MER |p 005400027925 |q 005400027925 |t BK |y 0 | ||
| 901 | |a BIBL4-2008-2 | ||
| 909 | |a Ρ |b 150570 | ||
| 970 | |a ΚΟΖΑ |b ΜΑΡΙΑ |z 2008/06/10 | ||